000 00427nam a2200157 i 4500
001 131380
003 ES-MaACL
005 20230906193953.0
007 t|
008 070214s1972 sp |||| | spa d
100 1 _aRodríguez, Leandro.
_998271
245 1 0 _aPenas de enero
_b: endechas /
_cLeandro Rodríguez.
260 _aÁvila :
_bDiario de Ávila,
_c1972.
300 _a144 p. ;
_c17 cm.
852 _aES-MaACL
_jC-48693
999 _c131380
_d131380